Robots y sistemas sensoriales
I tiakina i:
| Ngā kaituhi matua: | , , , , |
|---|---|
| Hōputu: | Pukapuka |
| Reo: | Pāniora |
| I whakaputaina: |
Madrid
Pearson Educación
2002
|
| Rangatū: | Automática. Robótica
|
| Ngā marau: | |
| Ngā Tūtohu: |
Tāpirihia he Tūtohu
Kāore He Tūtohu, Me noho koe te mea tuatahi ki te tūtohu i tēnei pūkete!
|
MARC
| LEADER | 00000nam a2200000 a 4500 | ||
|---|---|---|---|
| 001 | UCL8110 | ||
| 003 | CL-VaPUC | ||
| 008 | 040611e20020000SP |||||||||||||||||spa|d | ||
| 020 | |a 8420535745 | ||
| 082 | 0 | 4 | |a 629.892 |b TOR |2 21 |
| 100 | 0 | |a Torres, Fernando |e author |9 486064 | |
| 700 | 0 | |a Pomares, Jorge |e author |9 486065 | |
| 700 | |a Gil Vazquez, Pablo |e author |9 486066 | ||
| 700 | 0 | |a Puente, Santiago T |e author |9 486067 | |
| 700 | 0 | |a Aracil, Rafael |e author |9 486068 | |
| 245 | 1 | 0 | |a Robots y sistemas sensoriales |
| 300 | |a 444 p | ||
| 942 | |c BK | ||
| 945 | |d 20040611 00:00:00 |a cmena | ||
| 260 | |a Madrid |b Pearson Educación |c 2002 | ||
| 500 | |a Incluye CD | ||
| 650 | 0 | |a Robótica |9 263360 | |
| 650 | 0 | |a Robots |9 263117 | |
| 583 | |a last modification |c 20040611 00:00:00 |k Rodrigo Vera | ||
| 490 | 0 | |a Automática. Robótica | |
| 999 | |c 309567 |d 309565 | ||
| 952 | |0 0 |1 0 |4 0 |6 629_892000000000000_TOR_2002 |7 0 |8 A |9 377089 |a BIBMEC |b BIBMEC |d 2019-11-21 |i 4023323 |l 1 |o 629.892 TOR 2002 |p 4023323 |r 2024-01-19 |s 2022-04-07 |w 2019-11-21 |y BK |k MEC | ||